| 000 | 00503nam a22001577a 4500 | ||
|---|---|---|---|
| 999 |
_c4633 _d4633 |
||
| 008 | 200817b ||||| |||| 00| 0 eng d | ||
| 041 | 0 | _aeng | |
| 082 | 0 | 0 |
_a338.0954 _bM712 |
| 110 |
_91726 _aMinistry of information and Broad Casting, India. |
||
| 245 | 1 | 0 |
_a Durgapur steel project / _cby Ministry of information and Broad Casting, India. |
| 260 |
_aDelhi : _bMinistry of information and Broad Casting, _c1961. |
||
| 300 | _a30 p. | ||
| 365 | _d0.40 | ||
| 650 | 0 | _aSteel Industry and Trade | |
| 942 | _cBK | ||